[Event "Internationaal Jeugdtoernooi Limburg 5"]
[Site "Stein"]
[Date "1999.07.08"]
[Round "1"]
[White "Amesz, Jaap"]
[Black "Van Gemen, Felix"]
[Result "1-0"]
[WhiteElo "2190"]
[BlackElo "1730"]
[PlyCount "55"]
[EventDate "1999.07.08"]
[EventType "swiss"]
[EventRounds "7"]
[EventCountry "NED"]
[Source "P.Boonen"]
[SourceDate "2009.01.01"]

1. f4 e5 2. fxe5 d6 3. exd6 Bxd6 4. Nf3 g5 5. g3 g4 6. Nh4 Be7 7. Ng2 b6 8. e4
h5 9. d3 Bb7 10. Nc3 Nd7 11. Bf4 Nc5 12. Qd2 f5 13. O-O-O fxe4 14. d4 Ne6 15.
Bb5+ c6 16. Bc4 Nxf4 17. Nxf4 Nf6 18. Ne6 Qd6 19. Rhf1 Bc8 20. Rxf6 Bxf6 21.
Nxe4 Qe7 22. Nxf6+ Qxf6 23. Nc7+ Kd7 24. Nxa8 Bb7 25. d5 Rxa8 26. dxc6+ Kxc6
27. Qd7+ Kc5 28. Qb5# 1-0

[Event "Internationaal Jeugdtoernooi Limburg 5"]
[Site "Stein"]
[Date "1999.07.08"]
[Round "1"]
[White "Berkvens, Joost"]
[Black "Holtackers, Daan"]
[Result "1-0"]
[WhiteElo "2279"]
[BlackElo "1829"]
[PlyCount "57"]
[EventDate "1999.07.08"]
[EventType "swiss"]
[EventRounds "7"]
[EventCountry "NED"]
[Source "P.Boonen"]
[SourceDate "2009.01.01"]

1. e4 c5 2. Nf3 e6 3. d4 cxd4 4. Nxd4 Nf6 5. Nc3 d6 6. Be3 Be7 7. f4 a6 8. Qf3
Nbd7 9. O-O-O Qc7 10. g4 Nc5 11. g5 Nfd7 12. Kb1 b5 13. Bd3 Bb7 14. f5 e5 15.
Nb3 b4 16. Ne2 a5 17. Nxc5 dxc5 18. Bc4 Nb6 19. Bxf7+ Kxf7 20. f6 Raf8 21. Qh5+
g6 22. Qh6 Bd6 23. Rxd6 Qxd6 24. Qg7+ Ke6 25. Qxb7 Nc4 26. Bc1 Rb8 27. Qg7 Qf8
28. Qa7 Qd6 29. Rd1 1-0

[Event "Internationaal Jeugdtoernooi Limburg 5"]
[Site "Stein"]
[Date "1999.07.08"]
[Round "1"]
[White "Fragniere, Thiery"]
[Black "Simenon, Jozef"]
[Result "1-0"]
[WhiteElo "1950"]
[BlackElo "1600"]
[PlyCount "37"]
[EventDate "1999.07.08"]
[EventType "swiss"]
[EventRounds "7"]
[EventCountry "NED"]
[Source "P.Boonen"]
[SourceDate "2009.01.01"]

1. d4 d5 2. Nf3 Nf6 3. c4 c6 4. Nc3 e6 5. Bg5 Bb4 6. Qb3 Bxc3+ 7. Qxc3 O-O 8.
e3 Nbd7 9. Bd3 b6 10. O-O Bb7 11. b4 Rc8 12. c5 b5 13. a4 a6 14. axb5 axb5 15.
Ra7 Qc7 16. Bf4 e5 17. dxe5 d4 18. Qxd4 Nd5 19. e6 1-0

[Event "Internationaal Jeugdtoernooi Limburg 5"]
[Site "Stein"]
[Date "1999.07.08"]
[Round "1"]
[White "Severijnen, Arjon"]
[Black "Heltzel, Joost"]
[Result "0-1"]
[WhiteElo "1565"]
[BlackElo "1943"]
[PlyCount "106"]
[EventDate "1999.07.08"]
[EventType "swiss"]
[EventRounds "7"]
[EventCountry "NED"]
[Source "P.Boonen"]
[SourceDate "2009.01.01"]

1. e4 e5 2. f4 Bc5 3. Nf3 d6 4. Bc4 Nf6 5. d3 Nc6 6. Nc3 a6 7. f5 h6 8. Qe2 Na5
9. Bb3 Nxb3 10. axb3 c6 11. Na4 Bb4+ 12. Bd2 Bxd2+ 13. Qxd2 b5 14. Nc3 Ra7 15.
O-O Re7 16. Rad1 O-O 17. Rfe1 Rfe8 18. Qf2 b4 19. Na2 c5 20. c4 a5 21. Ra1 Qb6
22. Nc1 Ra7 23. Ne2 Bd7 24. Reb1 Rea8 25. Qe1 Kf8 26. Qd1 Ke7 27. Nd2 Kd8 28.
Ng3 Kc7 29. Ngf1 g6 30. g4 Rg8 31. Kf2 gxf5 32. gxf5 Kb7 33. Ne3 Qd8 34. Qf3
Ra8 35. Ndf1 Nh7 36. Ng3 Qh4 37. Rh1 Nf6 38. Ke2 Qf4 39. Nd5 Nxd5 40. cxd5 Bb5
41. Qxf4 exf4 42. Nh5 Rg2+ 43. Kf3 Rxb2 44. Rab1 Rxb1 45. Rxb1 Bxd3 46. Rb2 c4
47. Nxf4 c3 48. Rg2 Bb5 49. Ke3 a4 50. bxa4 b3 51. Nd3 Rxa4 52. Rg1 Bxd3 53.
Kxd3 b2 0-1

[Event "Internationaal Jeugdtoernooi Limburg 5"]
[Site "Stein"]
[Date "1999.07.08"]
[Round "1"]
[White "Snoeck, Rene"]
[Black "Connel, Blair"]
[Result "0-1"]
[WhiteElo "1753"]
[BlackElo "2267"]
[PlyCount "138"]
[EventDate "1999.07.08"]
[EventType "swiss"]
[EventRounds "7"]
[EventCountry "NED"]
[Source "P.Boonen"]
[SourceDate "2009.01.01"]

1. d4 d5 2. Nf3 c6 3. c4 Nf6 4. cxd5 cxd5 5. Nc3 a6 6. Bf4 b5 7. e3 e6 8. Bd3
Bb7 9. O-O Be7 10. Rc1 O-O 11. Ne5 Qb6 12. h3 Nc6 13. Nxc6 Bxc6 14. Bb1 Rfc8
15. Qd3 b4 16. Ne2 a5 17. Bg5 Bb5 18. Qd2 Qa6 19. Rxc8+ Rxc8 20. Re1 Rc6 21.
Ng3 h6 22. Bxf6 Bxf6 23. Rc1 Qc8 24. Rxc6 Qxc6 25. Qc2 Qxc2 26. Bxc2 g6 27. Nf1
e5 28. dxe5 Bxe5 29. b3 Bc3 30. Nh2 Kf8 31. Nf3 Ke7 32. g4 Kd6 33. Kg2 Kc5 34.
Kg3 d4 35. exd4+ Bxd4 36. Be4 Be2 37. Kg2 Bf6 38. h4 Bd1 39. h5 gxh5 40. gxh5
a4 41. bxa4 Bxa4 42. Bh7 Bc6 43. Kg3 Kc4 44. Nd2+ Kd4 45. f3 Be7 46. Nb3+ Kc3
47. Na5 Bd5 48. Nb3 Kb2 49. Be4 Bxe4 50. fxe4 Kxa2 51. Nc1+ Kb2 52. Nd3+ Kc3
53. Nxb4 Kxb4 54. Kf4 Kc5 55. Kf5 Kd6 56. e5+ Kd5 57. Kf4 Ke6 58. Ke4 Bd8 59.
Kf4 Bc7 60. Kg4 Kxe5 61. Kf3 Kf5 62. Kf2 Kg4 63. Kg2 f5 64. Kh1 Kf3 65. Kg1
Bb6+ 66. Kh2 f4 67. Kh1 Ke2 68. Kh2 f3 69. Kh1 f2 0-1

[Event "Internationaal Jeugdtoernooi Limburg 5"]
[Site "Stein"]
[Date "1999.07.08"]
[Round "1"]
[White "Spronkmans, Stefan"]
[Black "Michiels, Bart"]
[Result "0-1"]
[WhiteElo "1600"]
[BlackElo "2007"]
[PlyCount "84"]
[EventDate "1999.07.08"]
[EventType "swiss"]
[EventRounds "7"]
[EventCountry "NED"]
[Source "P.Boonen"]
[SourceDate "2009.01.01"]

1. e4 c5 2. Nc3 Nc6 3. Bc4 g6 4. Nf3 Bg7 5. O-O d6 6. h3 e6 7. d3 Nge7 8. Bf4
a6 9. Rb1 O-O 10. Ne2 b5 11. Bb3 d5 12. c3 Bb7 13. Qd2 Na5 14. Bc2 Qb6 15. Ne5
Rad8 16. Qe1 Nac6 17. Nf3 f5 18. exf5 Nxf5 19. Ng3 Rde8 20. Nxf5 Rxf5 21. Be3
d4 22. cxd4 Nxd4 23. Nxd4 cxd4 24. Bd2 Qc6 25. Qe4 Qxc2 26. Qxb7 Qxd2 27. Qc6
Rff8 28. Qxa6 Qxd3 29. Rbd1 Qf5 30. a3 Qd5 31. Rd3 Ra8 32. Qb6 Be5 33. Rc1 Rac8
34. Rf1 Ra8 35. Rc1 Rfc8 36. Rxc8+ Rxc8 37. Rd1 Qc6 38. Qa5 d3 39. Qd2 Qc2 40.
Qe1 Qe2 41. Qxe2 dxe2 42. Re1 Rc2 0-1

[Event "Internationaal Jeugdtoernooi Limburg 5"]
[Site "Stein"]
[Date "1999.07.08"]
[Round "1"]
[White "Van Otten, Gerard J"]
[Black "Dambacher, Martijn"]
[Result "0-1"]
[WhiteElo "1937"]
[BlackElo "2288"]
[PlyCount "132"]
[EventDate "1999.07.08"]
[EventType "swiss"]
[EventRounds "7"]
[EventCountry "NED"]
[Source "P.Boonen"]
[SourceDate "2009.01.01"]

1. e4 c5 2. Nf3 e6 3. d4 cxd4 4. Nxd4 Nf6 5. Nc3 d6 6. Bc4 Be7 7. Bb3 Na6 8. f4
Nc5 9. Qf3 a6 10. O-O O-O 11. Be3 Qc7 12. f5 e5 13. Nde2 Nxb3 14. cxb3 b5 15.
Rac1 Qa5 16. Bg5 Bb7 17. Ng3 Rac8 18. Nh5 Qd8 19. Bxf6 Bxf6 20. Nd5 Bxd5 21.
exd5 Bg5 22. Qg4 Qb6+ 23. Kh1 Rxc1 24. Rxc1 Qe3 25. Rd1 g6 26. Ng3 h5 27. Qe4
Kg7 28. fxg6 Qxe4 29. Nxe4 Kxg6 30. Nxd6 f5 31. g3 Rb8 32. Rf1 Rd8 33. Nxf5
Rxd5 34. h4 e4 35. hxg5 Rxf5 36. Re1 Re5 37. Kg2 Kxg5 38. Re3 b4 39. a3 a5 40.
Re2 Kg4 41. axb4 axb4 42. Kf2 e3+ 43. Kg2 Re8 44. Re1 e2 45. Kf2 Rf8+ 46. Kg2
Rf3 47. Rxe2 Rxg3+ 48. Kf2 Rxb3 49. Kg2 h4 50. Re4+ Kg5 51. Re2 h3+ 52. Kh2 Kf4
53. Rc2 Ke4 54. Rd2 Rf3 55. Rc2 Kd3 56. Rc8 Rf2+ 57. Kxh3 Rxb2 58. Kg3 Re2 59.
Rb8 Kc3 60. Kf3 Re7 61. Rc8+ Kb2 62. Rb8 b3 63. Rc8 Kb1 64. Rb8 b2 65. Kf4 Ra7
66. Ke3 Ka1 0-1

[Event "Internationaal Jeugdtoernooi Limburg 5"]
[Site "Stein"]
[Date "1999.07.08"]
[Round "1"]
[White "Van Weersel, Arlette"]
[Black "Schreiber, Christophe"]
[Result "0-1"]
[WhiteElo "1727"]
[BlackElo "2150"]
[PlyCount "134"]
[EventDate "1999.07.08"]
[EventType "swiss"]
[EventRounds "7"]
[EventCountry "NED"]
[Source "P.Boonen"]
[SourceDate "2009.01.01"]

1. e4 d6 2. c4 g6 3. Ne2 Bg7 4. g3 c5 5. Bg2 Nc6 6. Nbc3 Bg4 7. O-O Qd7 8. Qb3
Rb8 9. Re1 Nf6 10. d3 Ne5 11. d4 cxd4 12. Nxd4 O-O 13. Nd5 Rfc8 14. Nb5 b6 15.
Na3 Nxd5 16. cxd5 b5 17. Bf4 Nc4 18. Rab1 a5 19. Nxc4 bxc4 20. Qc2 Qb5 21. Bd2
Bd7 22. Bc3 Bxc3 23. bxc3 Qa4 24. Qd2 Qa3 25. Bf1 Ba4 26. Rxb8 Rxb8 27. Bxc4
Rb2 28. Qd4 f6 29. Kg2 Rc2 30. Re3 Qb2 31. Rf3 Bb5 32. Bxb5 Qxb5 33. a4 Qc5 34.
Qd3 Rc1 35. Qb5 Qxb5 36. axb5 a4 37. Rd3 a3 38. Rd2 a2 39. Rxa2 Rxc3 40. Rb2
Rc8 41. b6 Rb8 42. b7 Kf8 43. Kf3 Ke8 44. Ke3 Kd7 45. Kf4 Kc7 46. h4 Rxb7 47.
Rxb7+ Kxb7 48. g4 Kb6 49. g5 Kc5 50. Ke3 f5 51. exf5 Kxd5 52. f4 gxf5 53. h5
Ke6 54. Kd4 h6 55. gxh6 Kf6 56. Kd5 Kf7 57. Kd4 Kg8 58. Kd5 Kh7 59. Ke6 Kxh6
60. Kxf5 Kxh5 61. Ke6 Kg4 62. f5 d5 63. Kxd5 Kxf5 64. Kd4 Kf4 65. Kd3 e5 66.
Kd2 Kf3 67. Ke1 Ke3 0-1

[Event "Internationaal Jeugdtoernooi Limburg 5"]
[Site "Stein"]
[Date "1999.07.08"]
[Round "1"]
[White "Van Weersel, Birgitta"]
[Black "Weber, Tom"]
[Result "0-1"]
[WhiteElo "1650"]
[BlackElo "1950"]
[PlyCount "54"]
[EventDate "1999.07.08"]
[EventType "swiss"]
[EventRounds "7"]
[EventCountry "NED"]
[Source "P.Boonen"]
[SourceDate "2009.01.01"]

1. d4 Nf6 2. c4 g6 3. Nc3 d5 4. Nf3 Bg7 5. Bf4 O-O 6. e3 c5 7. Bd3 cxd4 8. exd4
Nc6 9. Qd2 Bg4 10. Qe3 Bxf3 11. Qxf3 Nxd4 12. Qd1 Nc6 13. Bg3 Rc8 14. cxd5 Nxd5
15. Nxd5 Qxd5 16. Qe2 Nd4 17. Qe4 Qa5+ 18. Kd1 Nb3 19. Qe1 Qxe1+ 20. Rxe1 Nxa1
21. Rxe7 Rfd8 22. Kd2 Rc2+ 23. Ke3 Rxb2 24. Bc4 Nc2+ 25. Kf4 Rb4 26. Re4 Bh6+
27. Kf3 Nd4+ 0-1

[Event "Internationaal Jeugdtoernooi Limburg 5"]
[Site "Stein"]
[Date "1999.07.08"]
[Round "1"]
[White "Vinck, Martin"]
[Black "Ibrahim, Ashraf"]
[Result "1-0"]
[WhiteElo "2042"]
[BlackElo "1606"]
[PlyCount "79"]
[EventDate "1999.07.08"]
[EventType "swiss"]
[EventRounds "7"]
[EventCountry "NED"]
[Source "P.Boonen"]
[SourceDate "2009.01.01"]

1. e4 d5 2. exd5 Qxd5 3. Nc3 Qa5 4. d4 c6 5. Bc4 Nf6 6. Nf3 Bg4 7. Bd2 Qc7 8.
Qe2 e6 9. h3 Bh5 10. g4 Bg6 11. g5 Nh5 12. Ne5 Nd7 13. O-O-O O-O-O 14. Qe1 Bd6
15. f4 Rhe8 16. Rf1 Nb6 17. Bb3 Kb8 18. Qh4 Nd5 19. Ne2 Ne7 20. Qf2 Bf5 21.
Nxf7 Rd7 22. Qf3 g6 23. Ne5 Rdd8 24. Nf7 Rc8 25. Nxd6 Qxd6 26. Rfe1 Nd5 27. c4
Nc7 28. Bc3 Qd7 29. Ng3 Nxg3 30. Qxg3 b5 31. Re5 bxc4 32. Bxc4 Nd5 33. Ba6 Rcd8
34. Ba5 Nc7 35. Qb3+ Nb5 36. Bxd8 Rxd8 37. a4 Ka8 38. axb5 cxb5 39. Qxb5 Qc7+
40. Qc5 1-0

[Event "Internationaal Jeugdtoernooi Limburg 5"]
[Site "Stein"]
[Date "1999.07.08"]
[Round "1"]
[White "Wirig, Anthony"]
[Black "Vanwersch, Rob"]
[Result "1-0"]
[WhiteElo "2150"]
[BlackElo "1700"]
[PlyCount "87"]
[EventDate "1999.07.08"]
[EventType "swiss"]
[EventRounds "7"]
[EventCountry "NED"]
[Source "P.Boonen"]
[SourceDate "2009.01.01"]

1. e4 Nc6 2. Nc3 d6 3. d4 Nf6 4. d5 Nb8 5. f4 c6 6. Nf3 cxd5 7. exd5 g6 8. Be3
Bg7 9. Bc4 O-O 10. O-O Bf5 11. Nd4 Bc8 12. h3 Nbd7 13. Qf3 Nc5 14. Rae1 a6 15.
a4 Bd7 16. b3 Rc8 17. Qe2 Qc7 18. Ra1 Qa5 19. Bd2 Nfe4 20. Nxe4 Bxd4+ 21. Kh2
Qd8 22. Nxc5 Rxc5 23. Rae1 Re8 24. Bb4 Rc8 25. Qd2 Bg7 26. Ba5 b6 27. Bb4 Ra8
28. a5 b5 29. Bd3 Rc8 30. c4 bxc4 31. Bxc4 Ra8 32. Re3 Qb8 33. Rfe1 Bf6 34. Bc3
Qb7 35. Bxf6 exf6 36. Rxe8+ Bxe8 37. Qd4 Kg7 38. Re3 Bb5 39. Bxb5 Qxb5 40. b4
Kf8 41. Qxf6 Kg8 42. Qxd6 Rb8 43. f5 Qxb4 44. Re8+ 1-0

[Event "Internationaal Jeugdtoernooi Limburg 5"]
[Site "Stein"]
[Date "1999.07.08"]
[Round "2"]
[White "Connel, Blair"]
[Black "Vinck, Martin"]
[Result "1-0"]
[WhiteElo "2267"]
[BlackElo "2042"]
[PlyCount "48"]
[EventDate "1999.07.08"]
[EventType "swiss"]
[EventRounds "7"]
[EventCountry "NED"]
[Source "P.Boonen"]
[SourceDate "2009.01.01"]

1. e4 c5 2. Nf3 d6 3. c3 Nf6 4. Be2 g6 5. O-O Bg7 6. Bb5+ Nbd7 7. Qe2 O-O 8. d4
e5 9. dxe5 Nxe5 10. Nxe5 dxe5 11. f3 Qc7 12. Bg5 Be6 13. Na3 h6 14. Be3 Rfd8
15. Bc4 Bxc4 16. Qxc4 b6 17. Rfd1 Qe7 18. Qa4 Kh7 19. Rxd8 Rxd8 20. Rd1 Rxd1+
21. Qxd1 h5 22. Nb5 a6 23. Qd6 Qe8 24. Nc7 Qa4 1-0

[Event "Internationaal Jeugdtoernooi Limburg 5"]
[Site "Stein"]
[Date "1999.07.08"]
[Round "2"]
[White "Dambacher, Martijn"]
[Black "Wirig, Anthony"]
[Result "1-0"]
[WhiteElo "2288"]
[BlackElo "2150"]
[PlyCount "91"]
[EventDate "1999.07.08"]
[EventType "swiss"]
[EventRounds "7"]
[EventCountry "NED"]
[Source "P.Boonen"]
[SourceDate "2009.01.01"]

1. e4 c5 2. Nf3 Nc6 3. d4 cxd4 4. Nxd4 g6 5. Be3 Nf6 6. Nc3 Bg7 7. Nxc6 bxc6 8.
e5 Nd5 9. Nxd5 cxd5 10. Qxd5 Rb8 11. O-O-O Qc7 12. f4 O-O 13. Qc5 Qb7 14. Bd4
Qe4 15. Qxe7 Qxf4+ 16. Kb1 Bb7 17. Bc4 Bxg2 18. Rhe1 Bh3 19. Qa3 Bf5 20. Qxa7
Qxh2 21. Re2 Qf4 22. a3 Rbc8 23. Bb3 h5 24. Ka2 h4 25. Rf2 Qg4 26. Rdf1 h3 27.
Rxf5 gxf5 28. Rg1 Ra8 29. Qb6 Ra6 30. Qb4 Rg6 31. Rxg4 fxg4 32. Bd5 g3 33. Qe1
Bh6 34. Be4 Rg4 35. Qe2 Rg5 36. Be3 g2 37. Bxg5 g1=Q 38. Bxh6 Re8 39. Qh5 h2
40. Bf4 h1=Q 41. Bxh1 Qd4 42. Qg4+ Kh7 43. Qf5+ Kg8 44. Be4 d6 45. Qh7+ Kf8 46.
Qh8+ 1-0

[Event "Internationaal Jeugdtoernooi Limburg 5"]
[Site "Stein"]
[Date "1999.07.08"]
[Round "2"]
[White "Heltzel, Joost"]
[Black "Van Otten, Gerard J"]
[Result "1-0"]
[WhiteElo "1943"]
[BlackElo "1937"]
[PlyCount "117"]
[EventDate "1999.07.08"]
[EventType "swiss"]
[EventRounds "7"]
[EventCountry "NED"]
[Source "P.Boonen"]
[SourceDate "2009.01.01"]

1. e4 c5 2. Nf3 Nc6 3. c4 d6 4. Nc3 Nf6 5. d4 cxd4 6. Nxd4 e6 7. Be2 Be7 8. O-O
O-O 9. Be3 a6 10. f3 Bd7 11. Nc2 Rc8 12. Na4 Be8 13. Nb6 Rb8 14. Qd2 Nd7 15.
Nxd7 Bxd7 16. Rfd1 Bc8 17. b4 Qc7 18. a4 b6 19. a5 bxa5 20. b5 axb5 21. cxb5
Ne5 22. Rxa5 Bb7 23. Ra7 Nc4 24. Qc3 Rfc8 25. Bf2 d5 26. exd5 Bc5 27. Qxc4
Bxf2+ 28. Kxf2 Qxc4 29. Bxc4 Rxc4 30. Ne3 Rb4 31. dxe6 fxe6 32. Rd7 Rb2+ 33.
Ke1 Rxb5 34. Nc4 Rc5 35. Na3 Bd5 36. Rxg7+ Kf8 37. Rxh7 Kg8 38. Rag7+ Kf8 39.
Rh8+ Kxg7 40. Rxb8 Rc1+ 41. Kf2 Ra1 42. Nb1 Ra2+ 43. Kg3 Bc4 44. Nc3 Rc2 45.
Nd1 Rd2 46. Nf2 Bf1 47. Rb1 Bc4 48. Ne4 Ra2 49. Rd1 Ra3 50. Kf4 Ra2 51. Rd2 Ra8
52. g4 Bd5 53. h4 Ra3 54. Rc2 Ra7 55. Rc3 Rf7+ 56. Ke5 Kh6 57. Ng5 Rf8 58. f4
Kg7 59. Rc7+ 1-0

[Event "Internationaal Jeugdtoernooi Limburg 5"]
[Site "Stein"]
[Date "1999.07.08"]
[Round "2"]
[White "Holtackers, Daan"]
[Black "Van Weersel, Birgitta"]
[Result "1-0"]
[WhiteElo "1829"]
[BlackElo "1650"]
[PlyCount "55"]
[EventDate "1999.07.08"]
[EventType "swiss"]
[EventRounds "7"]
[EventCountry "NED"]
[Source "P.Boonen"]
[SourceDate "2009.01.01"]

1. e4 d6 2. d4 Nf6 3. Nc3 g6 4. f4 Bg7 5. Nf3 c6 6. Be2 O-O 7. O-O Nbd7 8. Kh1
b6 9. Be3 Bb7 10. Qe1 Qc7 11. Qh4 e5 12. fxe5 dxe5 13. dxe5 Nxe5 14. Bf4 Nxf3
15. Rxf3 Qd7 16. Bg5 Ng4 17. Rd3 Nf2+ 18. Qxf2 Qe6 19. Rad1 Bxc3 20. Rxc3 Qxe4
21. Bc4 c5 22. Bh6 Qg4 23. Rf1 Qd7 24. Qf6 Qd4 25. Bxf7+ Rxf7 26. Qxf7+ Kh8 27.
Qf8+ Rxf8 28. Rxf8# 1-0

[Event "Internationaal Jeugdtoernooi Limburg 5"]
[Site "Stein"]
[Date "1999.07.08"]
[Round "2"]
[White "Ibrahim, Ashraf"]
[Black "Snoeck, Rene"]
[Result "1/2-1/2"]
[WhiteElo "1606"]
[BlackElo "1753"]
[PlyCount "31"]
[EventDate "1999.07.08"]
[EventType "swiss"]
[EventRounds "7"]
[EventCountry "NED"]
[Source "P.Boonen"]
[SourceDate "2009.01.01"]

1. d4 e5 2. dxe5 Nc6 3. Nf3 Qe7 4. Bd2 Nxe5 5. Nxe5 Qxe5 6. Bc3 Qh5 7. Nd2 b6
8. e3 Qxd1+ 9. Rxd1 Bb7 10. f3 Ne7 11. Bc4 Nf5 12. Kf2 f6 13. Bd3 Nh6 14. Rhe1
O-O-O 15. Nb3 Bd6 16. h3 1/2-1/2

[Event "Internationaal Jeugdtoernooi Limburg 5"]
[Site "Stein"]
[Date "1999.07.08"]
[Round "2"]
[White "Michiels, Bart"]
[Black "Amesz, Jaap"]
[Result "1/2-1/2"]
[WhiteElo "2007"]
[BlackElo "2190"]
[PlyCount "73"]
[EventDate "1999.07.08"]
[EventType "swiss"]
[EventRounds "7"]
[EventCountry "NED"]
[Source "P.Boonen"]
[SourceDate "2009.01.01"]

1. e4 d5 2. exd5 Nf6 3. d4 Bg4 4. Be2 Bxe2 5. Qxe2 Qxd5 6. Nf3 e6 7. O-O Bd6 8.
c4 Qh5 9. Nc3 O-O 10. Be3 c6 11. h3 Nbd7 12. Rad1 a6 13. b3 Rac8 14. Bc1 Rfe8
15. Bb2 h6 16. Ne4 Nxe4 17. Qxe4 f5 18. Qd3 Rcd8 19. Rfe1 Qf7 20. Qc2 g5 21.
Ne5 Nxe5 22. dxe5 Bb4 23. Bc3 Bxc3 24. Qxc3 Qc7 25. h4 Rxd1 26. Rxd1 Rd8 27.
Rd4 c5 28. Rd2 Rxd2 29. Qxd2 Qxe5 30. hxg5 hxg5 31. Qxg5+ Kf7 32. Qh5+ Ke7 33.
Qh7+ Kd6 34. Qxb7 Qa1+ 35. Kh2 Qh8+ 36. Kg1 Qa1+ 37. Kh2 1/2-1/2

[Event "Internationaal Jeugdtoernooi Limburg 5"]
[Site "Stein"]
[Date "1999.07.08"]
[Round "2"]
[White "Schreiber, Christophe"]
[Black "Fragniere, Thiery"]
[Result "1-0"]
[WhiteElo "2150"]
[BlackElo "1950"]
[PlyCount "47"]
[EventDate "1999.07.08"]
[EventType "swiss"]
[EventRounds "7"]
[EventCountry "NED"]
[Source "P.Boonen"]
[SourceDate "2009.01.01"]

1. d4 Nf6 2. e3 e6 3. Bd3 c5 4. c3 d5 5. f4 Nc6 6. Nf3 Bd7 7. Nbd2 Qb6 8. Ne5
Rc8 9. Ndf3 h6 10. O-O Bd6 11. Qe1 Na5 12. Nxd7 Nxd7 13. Qg3 O-O 14. Qh3 Rce8
15. g4 cxd4 16. exd4 e5 17. fxe5 Nxe5 18. Nxe5 Bxe5 19. Kh1 Bxd4 20. cxd4 Qxd4
21. g5 h5 22. Bd2 Nc4 23. Bc3 Qc5 24. Qxh5 1-0

[Event "Internationaal Jeugdtoernooi Limburg 5"]
[Site "Stein"]
[Date "1999.07.08"]
[Round "2"]
[White "Simenon, Jozef"]
[Black "Van Weersel, Arlette"]
[Result "0-1"]
[WhiteElo "1600"]
[BlackElo "1727"]
[PlyCount "50"]
[EventDate "1999.07.08"]
[EventType "swiss"]
[EventRounds "7"]
[EventCountry "NED"]
[Source "P.Boonen"]
[SourceDate "2009.01.01"]

1. e4 e5 2. Nf3 Nc6 3. Bb5 a6 4. Ba4 Nf6 5. d3 b5 6. Bb3 Be7 7. O-O O-O 8. Bg5
Bb7 9. Nbd2 d6 10. Re1 Na5 11. a3 Nxb3 12. Nxb3 a5 13. Qd2 c5 14. Bxf6 Bxf6 15.
Qe2 Be7 16. Nbd2 f5 17. exf5 Rxf5 18. Ne4 Qe8 19. c3 Qg6 20. Nfd2 Raf8 21. Kh1
Rh5 22. d4 Qh6 23. Qe3 Bg5 24. Nxg5 Rxh2+ 25. Kg1 Rh1# 0-1

[Event "Internationaal Jeugdtoernooi Limburg 5"]
[Site "Stein"]
[Date "1999.07.08"]
[Round "2"]
[White "Van Gemen, Felix"]
[Black "Spronkmans, Stefan"]
[Result "1-0"]
[WhiteElo "1730"]
[BlackElo "1600"]
[PlyCount "41"]
[EventDate "1999.07.08"]
[EventType "swiss"]
[EventRounds "7"]
[EventCountry "NED"]
[Source "P.Boonen"]
[SourceDate "2009.01.01"]

1. e4 e5 2. Nc3 Nc6 3. f4 Nf6 4. fxe5 Nxe5 5. d4 Ng6 6. e5 Ng8 7. Nf3 d6 8. Bc4
Bg4 9. O-O c6 10. Bxf7+ Kd7 11. h3 Bxf3 12. Qxf3 N8e7 13. exd6 Kxd6 14. Bf4+
Nxf4 15. Qxf4+ Kd7 16. Rae1 c5 17. dxc5 Qc7 18. Rd1+ Kc8 19. Be6+ Kb8 20. Rd8+
Nc8 21. Rxc8# 1-0

[Event "Internationaal Jeugdtoernooi Limburg 5"]
[Site "Stein"]
[Date "1999.07.08"]
[Round "2"]
[White "Vanwersch, Rob"]
[Black "Severijnen, Arjon"]
[Result "1-0"]
[WhiteElo "1700"]
[BlackElo "1565"]
[PlyCount "35"]
[EventDate "1999.07.08"]
[EventType "swiss"]
[EventRounds "7"]
[EventCountry "NED"]
[Source "P.Boonen"]
[SourceDate "2009.01.01"]

1. e4 d5 2. exd5 Qxd5 3. Nc3 Qa5 4. d4 c6 5. Bc4 Nf6 6. Bd2 Qc7 7. Nf3 Bf5 8.
O-O e6 9. Re1 Be7 10. Ne5 O-O 11. Bf4 Bd6 12. Qf3 Bxc2 13. h4 Nbd7 14. h5 c5
15. Nb5 Qb8 16. Nxd7 Nxd7 17. Bxd6 Qc8 18. Bxf8 1-0

[Event "Internationaal Jeugdtoernooi Limburg 5"]
[Site "Stein"]
[Date "1999.07.08"]
[Round "2"]
[White "Weber, Tom"]
[Black "Berkvens, Joost"]
[Result "1-0"]
[WhiteElo "1950"]
[BlackElo "2279"]
[PlyCount "65"]
[EventDate "1999.07.08"]
[EventType "swiss"]
[EventRounds "7"]
[EventCountry "NED"]
[Source "P.Boonen"]
[SourceDate "2009.01.01"]

1. e4 c6 2. d4 d5 3. Nc3 dxe4 4. Nxe4 Nd7 5. Bc4 Ndf6 6. Ng5 Nh6 7. N1f3 Bg4 8.
O-O e6 9. h3 Bxf3 10. Nxf3 Nf5 11. c3 Be7 12. Qe2 Nd5 13. Bd3 Nh4 14. Ne5 O-O
15. g3 Ng6 16. h4 Qc7 17. h5 Nxe5 18. dxe5 Rad8 19. Re1 Rfe8 20. Qe4 f5 21.
exf6 Nxf6 22. Qe2 Bc5 23. Bf4 e5 24. Bxe5 Rxe5 25. Qxe5 Bxf2+ 26. Kg2 Qxe5 27.
Bc4+ Kf8 28. Rxe5 b5 29. Be2 Bb6 30. Rd1 Nd5 31. Kh3 Rc8 32. Bf3 Ne3 33. Rd7
1-0

[Event "Internationaal Jeugdtoernooi Limburg 5"]
[Site "Stein"]
[Date "1999.07.09"]
[Round "3"]
[White "Amesz, Jaap"]
[Black "Schreiber, Christophe"]
[Result "1/2-1/2"]
[WhiteElo "2190"]
[BlackElo "2150"]
[PlyCount "81"]
[EventDate "1999.07.08"]
[EventType "swiss"]
[EventRounds "7"]
[EventCountry "NED"]
[Source "P.Boonen"]
[SourceDate "2009.01.01"]

1. f4 d5 2. b3 e5 3. fxe5 Nc6 4. Bb2 f6 5. exf6 Nxf6 6. Nf3 Bd6 7. e3 O-O 8.
Nc3 Bg4 9. Qe2 Nd4 10. exd4 Re8 11. O-O-O Rxe2 12. Bxe2 c6 13. h3 Bxf3 14. Bxf3
Qf8 15. Kb1 Re8 16. Rde1 Ba3 17. Rxe8 Nxe8 18. Rf1 Nf6 19. Nd1 Bxb2 20. Kxb2
Qd6 21. Ne3 g6 22. c3 Kg7 23. Ng4 Qf4 24. Rf2 Nxg4 25. hxg4 g5 26. Re2 h5 27.
gxh5 g4 28. Bxg4 Qxg4 29. Re7+ Kh6 30. Rxb7 Qxg2 31. Kc2 Qe4+ 32. Kc1 Kxh5 33.
Rxa7 Kg4 34. Ra5 Qe1+ 35. Kc2 Kf3 36. Rc5 Qa1 37. Rxc6 Qxa2+ 38. Kc1 Qxb3 39.
Re6 Kf2 40. Re5 Kf1 41. Re3 1/2-1/2

[Event "Internationaal Jeugdtoernooi Limburg 5"]
[Site "Stein"]
[Date "1999.07.09"]
[Round "3"]
[White "Berkvens, Joost"]
[Black "Ibrahim, Ashraf"]
[Result "1-0"]
[WhiteElo "2279"]
[BlackElo "1606"]
[PlyCount "57"]
[EventDate "1999.07.08"]
[EventType "swiss"]
[EventRounds "7"]
[EventCountry "NED"]
[Source "P.Boonen"]
[SourceDate "2009.01.01"]

1. e4 d5 2. exd5 Qxd5 3. Nc3 Qa5 4. Bc4 Nf6 5. Nge2 Bg4 6. O-O e6 7. Qe1 c6 8.
Ng3 Bd6 9. d3 O-O 10. Nce4 Qd8 11. Bg5 Be7 12. h3 Bf5 13. Nxf5 exf5 14. Ng3 Qd7
15. Qe5 h6 16. Bxh6 Bd6 17. Qxf5 Bxg3 18. Qg6 Ne8 19. fxg3 Qd4+ 20. Kh2 Qxc4
21. Qxg7+ Nxg7 22. dxc4 Nd7 23. Rad1 Nb6 24. c5 Nd5 25. c4 Nb4 26. a3 Na6 27.
Rd4 Kh7 28. Rh4 Nxc5 29. Be3+ 1-0